Entrepreneurship and the Creation of Small Firms : (Record no. 9103)

MARC details
000 -LEADER
fixed length control field 02726cam a2200397 a 4500
001 - CONTROL NUMBER
control field 15902587
003 - CONTROL NUMBER IDENTIFIER
control field OSt
005 - DATE AND TIME OF LATEST TRANSACTION
control field 20251015152038.0
008 - FIXED-LENGTH DATA ELEMENTS--GENERAL INFORMATION
fixed length control field 090911s2010 enka b 001 0 eng d
010 ## - LIBRARY OF CONGRESS CONTROL NUMBER
LC control number 2009936745
015 ## - NATIONAL BIBLIOGRAPHY NUMBER
National bibliography number GBA936970
Source bnb
015 ## - NATIONAL BIBLIOGRAPHY NUMBER
National bibliography number 015-10972
Source bnb
015 ## - NATIONAL BIBLIOGRAPHY NUMBER
National bibliography number GBA-93697
Source bnb
016 7# - NATIONAL BIBLIOGRAPHIC AGENCY CONTROL NUMBER
Record control number 015109722
Source Uk
020 ## - INTERNATIONAL STANDARD BOOK NUMBER
International Standard Book Number 9781848440418 (hbk.)
020 ## - INTERNATIONAL STANDARD BOOK NUMBER
International Standard Book Number 1848440413 (hbk.)
035 ## - SYSTEM CONTROL NUMBER
System control number (OCoLC)ocn318673288
040 ## - CATALOGING SOURCE
Transcribing agency must
042 ## - AUTHENTICATION CODE
Authentication code lccopycat
082 04 - DEWEY DECIMAL CLASSIFICATION NUMBER
Classification number 338.04 HOL 2010
Edition number 22
084 ## - OTHER CLASSIFICATION NUMBER
Classification number 85.00
Number source bcl
084 ## - OTHER CLASSIFICATION NUMBER
Classification number QP 230
Number source rvk
100 ## - MAIN ENTRY--PERSONAL NAME
Personal name Edited by Holmquist, Carin; Wiklund, Johan
9 (RLIN) 19478
245 00 - TITLE STATEMENT
Title Entrepreneurship and the Creation of Small Firms :
Remainder of title empirical studies of new ventures
260 ## - PUBLICATION, DISTRIBUTION, ETC. (IMPRINT)
Place of publication, distribution, etc. Cheltenham, UK ;
Name of publisher, distributor, etc. Edward Elgar,
Date of publication, distribution, etc. c2010.
300 ## - PHYSICAL DESCRIPTION
Extent xi, 214 p. :
Other physical details ill. ;
Dimensions 25 cm.
504 ## - BIBLIOGRAPHY, ETC. NOTE
Bibliography, etc Includes bibliographical references and index.
505 00 - FORMATTED CONTENTS NOTE
Miscellaneous information Introduction /
Statement of responsibility Carin Holmquist, Johan Wiklund --
Title New start up firms among Swedish patent holders /
Statement of responsibility Roger Svensson --
Title Entrepreneurial human capital : a real options perspective /
Statement of responsibility Karl Wennberg --
Title New ventures' entry strategies : a comparison of academic and non academic business startups /
Statement of responsibility Sari Roininen, Håkan Ylinenpää --
Title How human capital affects self employment among the science and technology labor force /
Statement of responsibility Johan Wiklund, Frédéric Delmar, Karin Hellerstedt --
Title Framing of new business concepts in established corporations : an explanatory investigation /
Statement of responsibility Christian Czernich, Ivo Zander --
Title Refueling or running dry : entrepreneurs' energetic resources and the start up process /
Statement of responsibility Anders Landberg --
Title International entrepreneurship and the theory of effectuation /
Statement of responsibility Svante Andersson --
Title Learning from Swedish entrepreneurship research /
Statement of responsibility Carin Holmquist, Johan Wiklund.
520 1# - SUMMARY, ETC.
Summary, etc. "Entrepreneurship research often presupposes similarities between national contexts despite evidence of extensive differences. This timely study focuses on the important issue of new venture creation using a variety of data sources, methods and theories." "The authors demonstrate the factors that aid or hinder new venture creation in a number of settings. The empirical context underpinning this research is Sweden - a small open economy with a renowned quality of data that allows important research questions to be uniquely addressed with great concern for relevance and policy implications."--BOOK JACKET.
650 #0 - SUBJECT ADDED ENTRY--TOPICAL TERM
Topical term or geographic name as entry element Entrepreneurship.
9 (RLIN) 6831
650 #0 - SUBJECT ADDED ENTRY--TOPICAL TERM
Topical term or geographic name as entry element Business enterprises.
9 (RLIN) 18526
655 #4 - INDEX TERM--GENRE/FORM
Genre/form data or focus term Aufsatzsammlung.
9 (RLIN) 13501
906 ## - LOCAL DATA ELEMENT F, LDF (RLIN)
a 7
b cbc
c copycat
d 2
e ncip
f 20
g y-gencatlg
942 ## - ADDED ENTRY ELEMENTS (KOHA)
Source of classification or shelving scheme Dewey Decimal Classification
Koha item type Open Shelf
Holdings
Withdrawn status Lost status Source of classification or shelving scheme Damaged status Not for loan Home library Current library Date acquired Source of acquisition Inventory number Total Checkouts Full call number Barcode Date last seen Price effective from Koha item type
    Dewey Decimal Classification     MUST Main Library MUST Main Library 09/07/2024 Donation 217   338.04 HOL 2010 2024-21851 09/07/2024 09/07/2024 Open Shelf